A09_外国人人口割合TOP100の市区町村 - Statistics

General Stats
  • This quiz has been taken 23 times
  • The average score is 59 of 100
Answer Stats
順位 都道府
県名
種類 外国人
人口割合
市町村名 % Correct
9 東京都 特別区 7.790 新宿区
90%
18 東京都 特別区 6.683 港区
90%
33 東京都 特別区 5.470 江東区
90%
5 東京都 特別区 8.479 豊島区
86%
10 東京都 特別区 7.731 荒川区
86%
26 東京都 特別区 5.734 北区
86%
39 埼玉県 5.316 川口市
86%
52 東京都 特別区 4.562 江戸川区
86%
83 愛知県 3.782 豊田市
86%
2 群馬県 17.563 大泉町
81%
17 東京都 特別区 6.751 台東区
81%
65 東京都 特別区 4.286 足立区
81%
67 東京都 特別区 4.244 葛飾区
81%
87 群馬県 3.687 草津町
81%
95 東京都 特別区 3.569 渋谷区
81%
99 東京都 特別区 3.523 文京区
81%
6 埼玉県 8.472 蕨市
76%
24 北海道 5.913 留寿都村
76%
40 山梨県 5.273 中央市
76%
46 群馬県 4.929 太田市
76%
47 北海道 4.848 ニセコ町
76%
54 愛知県 4.548 豊橋市
76%
59 東京都 特別区 4.463 中野区
76%
62 東京都 特別区 4.365 中央区
76%
70 東京都 特別区 4.085 千代田区
76%
74 東京都 特別区 3.957 墨田区
76%
96 静岡県 3.558 掛川市
76%
4 北海道 11.103 占冠村
71%
32 群馬県 5.497 高山村
71%
1 長野県 18.992 川上村
67%
3 長野県 13.942 南牧村
67%
11 岐阜県 7.337 可児市
67%
12 静岡県 7.267 菊川市
67%
14 神奈川県 7.101 愛川町
67%
15 愛知県 6.963 碧南市
67%
27 静岡県 5.673 湖西市
67%
41 愛知県 5.270 西尾市
67%
45 静岡県 4.935 袋井市
67%
60 大阪府 4.417 大阪市
67%
61 静岡県 4.407 磐田市
67%
7 岐阜県 8.189 美濃加茂市
62%
29 群馬県 5.643 伊勢崎市
62%
48 愛知県 4.837 岩倉市
62%
56 長野県 4.521 北相木村
62%
63 愛知県 4.360 豊明市
62%
77 千葉県 3.886 成田市
62%
86 茨城県 3.702 境町
62%
94 三重県 3.591 川越町
62%
8 茨城県 7.816 常総市
57%
23 愛知県 6.055 小牧市
57%
25 福井県 5.767 越前市
57%
30 三重県 5.625 伊賀市
57%
38 愛知県 5.377 飛島村
57%
75 東京都 特別区 3.943 板橋区
57%
79 岐阜県 3.827 瑞穂市
57%
84 愛知県 3.777 安城市
57%
92 滋賀県 3.623 甲賀市
57%
98 愛知県 3.535 弥富市
57%
13 愛知県 7.136 高浜市
52%
16 沖縄県 6.836 恩納村
52%
58 茨城県 4.480 大洗町
52%
69 三重県 4.096 いなべ市
52%
81 愛知県 3.803 蒲郡市
52%
93 栃木県 3.620 小山市
52%
19 愛知県 6.550 知立市
48%
20 群馬県 6.271 昭和村
48%
37 静岡県 5.377 吉田町
48%
43 茨城県 5.103 八千代町
48%
44 三重県 5.014 木曽岬町
48%
51 茨城県 4.581 下妻市
48%
55 静岡県 4.524 牧之原市
48%
57 神奈川県 4.494 綾瀬市
48%
64 茨城県 4.290 坂東市
48%
68 埼玉県 4.166 戸田市
48%
76 北海道 3.893 倶知安町
48%
89 静岡県 3.639 清水町
48%
91 香川県 3.636 多度津町
48%
21 岐阜県 6.232 坂祝町
43%
22 北海道 6.166 猿払村
43%
28 滋賀県 5.661 湖南市
43%
34 東京都 5.460 福生市
43%
42 北海道 5.150 赤井川村
43%
66 兵庫県 4.247 加東市
43%
80 滋賀県 3.819 愛荘町
43%
85 埼玉県 3.707 八潮市
43%
88 千葉県 3.657 銚子市
43%
36 茨城県 5.384 鉾田市
38%
50 愛媛県 4.701 上島町
38%
72 栃木県 4.024 真岡市
38%
82 愛知県 3.790 蟹江町
38%
90 島根県 3.637 吉賀町
38%
97 神奈川県 3.538 中井町
38%
49 岐阜県 4.723 輪之内町
33%
31 千葉県 5.531 富里市
29%
71 茨城県 4.062 結城市
29%
73 京都府 4.018 宇治田原町
29%
35 北海道 5.430 雄武町
24%
78 熊本県 3.851 長洲町
24%
53 北海道 4.554 佐呂間町
19%
100 北海道 3.464 長万部町
19%
No matching quizzes found
Score Distribution
Percent of People with Each Score
Percentile by Number Answered
Your Score History
You have not taken this quiz